Responses for Show #2972 - Tuesday, July 1, 1997

Kim Worth game 3.

Contestants

[<< previous game]

Gerard Magliocca, a law student from New Haven, Connecticut

Linda Desmond, a systems analyst from Albany, New York

Kim Worth, a waiter and writer from Venice, California (whose 2-day cash winnings total $34,900)

[next game >>]

Jeopardy! Round responses

THE BIBLE
POP MUSIC
PHILANTHROPY
LAKES
SMELLS
2-LETTER WORDS
(what sounds like an easy category)
    $100 1
Deliver us from evil

Kim
    $100 16
Barbra Streisand

Kim
    $100 26
Exchange programs

Linda
    $100 6
The Great Salt Lake

Kim
    $100 18
Deodorant

Gerard
    $100 11
Oz

Gerard
    $200 2
Aaron

Kim
    $200 17
Guns N' Roses

Triple Stumper
    $200 27
Libraries

Kim
    $200 7
Lake Geneva

Gerard
    $200 19
the bouquet

Kim
    $200 12
Up

Gerard
    $300 3
Nazareth

Kim
    $300 23
Kenny G

Triple Stumper
    $300 28
Fundraiser

Kim
    $300 8
(K: What is Michigan?)

Lake Erie

KimGerard
    $300 20
Skunk cabbage

Kim
    $300 13
El

Kim
    $400 4
(L: Who is Peter?)

Thomas

LindaGerard
    $400 24
Olivia Newton-John

Kim
    $400 29
Trust

Gerard
    $400 9
Honshu

Kim
    $400 21
Musk

Linda
    $400 14
(G: What is be?)

Do

LindaGerard
    $500 5
(L: Who is Sarah?)

Rachel

Linda
Triple Stumper
    $1,400 25
(Alex: And you'll be engaged in some PHILANTHROPY...)

The Righteous Brothers

Kim
    $500 30
(Alex: See, that time you spent in Greece paid off for you!)

Love of man

Linda
    $500 10
Lake Baikal

Gerard
    $500 22
Hydrogen cyanide

Kim
    $500 15
Io

Linda

Scores at the first commercial break (after clue 15):

Kim Linda Gerard
$1,100 $0 $1,300

Scores at the end of the Jeopardy! Round:

Kim Linda Gerard
$4,500 $1,000 $1,800

Double Jeopardy! Round responses

FAMOUS NAMES
RESTAURANT POTPOURRI
ANIMALS
INVENTORS
LITERARY CHARACTERS
ONE-MAN SHOWS
    $200 1
St. Patrick

Gerard
    $200 6
rotate/revolve

Kim
    $200 11
Ram

Linda
    $200 16
Robert Bunsen

Gerard
    $200 21
Don Quixote

Linda
    $200 26
Marlene Dietrich

Kim
    $400 2
(K: Who is Louis?)
(Alex: Which one?)
(K: Louis...the 14th.)
(Alex: ....right.)

Louis XIV

Kim
    $400 7
Brussels

Linda
    $400 12
Platypus

Linda
    $400 17
(G: Who is Volta?)

Thomas Edison

Gerard
Triple Stumper
    $400 22
Joseph Conrad

Gerard
    $400 27
Ben Kingsley

Gerard
    $600 3
Cecil Rhodes

Gerard
    $600 8
Pisces

Gerard
    $600 13
Porcupine

Gerard
    $600 18
Tin

Kim
    $600 23
Jane Austen

Triple Stumper
    $600 28
Vincent Price

Gerard
    $1,000 4
Anne of Cleves & Catherine Parr

Gerard
    $800 9
Captain Crunch

Gerard
    $800 14
Zebra

Kim
    $800 19
Alexander Graham Bell

Linda
    $800 24
Horatio Hornblower

Gerard
    $800 29
Robert Vaughn

Linda
    $1000 5
David Ben-Gurion

Kim
    $1000 10
Leslie Caron

Linda
    $2,000 15
Antelope

Kim
    $1000 20
(Gerard: Who is Volta?)
(Kim: Who is Tesla?)

Guglielmo Marconi

KimGerard
Triple Stumper
    $1000 25
Young Goodman Brown

Triple Stumper
    $1000 30
Diana Vreeland

Triple Stumper

Scores at the end of the Double Jeopardy! Round:

Kim Linda Gerard
$8,700 $4,800 $6,600

[wagering suggestions for these scores]

Final Jeopardy! Round responses

HISTORIC U.S. SITES
LindaWhat is a movie theater
$4,799
GerardWhat is a movie theater?
$2,400
KimWhat is a movie theater
$3,400
movie theater

Final scores:

Kim Linda Gerard
$12,100 $9,599 $9,000
3-day champion: $47,000 2nd place: Ashley Asheville dining furniture + Whirlpool appliances 3rd place: Magnavox 25" stereo color monitor receiver

Game dynamics:

Coryat scores:

Kim Linda Gerard
$6,800 $4,800 $6,400
21 R
(including 2 DDs),
2 W
12 R,
2 W
19 R
(including 1 DD),
3 W

Combined Coryat: $18,000

[game clues] [game scores] [suggest correction]

Game tape date: 1997-02-11
The J! Archive is created by fans, for fans. Scraping, republication, monetization, and malicious use prohibited; this site may use cookies and collect identifying information. See terms. The Jeopardy! game show and all elements thereof, including but not limited to copyright and trademark thereto, are the property of Jeopardy Productions, Inc. and are protected under law. This website is not affiliated with, sponsored by, or operated by Jeopardy Productions, Inc. Join the discussion at JBoard.tv.